[Event "Stay Safe Play From Home 349"]
[Site "Emanuel Lasker Arena"]
[Date "2020.08.02"]
[Round "9"]
[White "Stefanone"]
[Black "SoulofWolf"]
[Result "1/2-1/2"]
[WhiteElo "2056"]
[BlackElo "2079"]
[Annotator "TA"]
[PlyCount "38"]
[EventDate "2020.08.02"]
[EventType "swiss (blitz)"]

{[%evp 9,38,-26,-26,-21,0,0,17,5,22,8,18,23,36,0,69,-252,-252,-329,29991,-56,1131,1108,1104,201,198,0,1101,0,207,0,1108]} 1. d4 c5 2. e3 e6 3. c3 Nf6 4. f4 b6 5. Nf3 Bb7 6. Bd3 {A43: Schmid Benoni.} d6 7. Qe2 Nbd7 8. Nbd2 Be7 9. O-O Qc7 10. e4 O-O 11. e5 {[#]} Ne8 $146 (11... Nd5 $11 12. Ne4 cxd4 13. exd6 Bxd6 14. Nxd6 Qxd6 15. Nxd4 Nc5) ({Predecessor:} 11... Nd5 12. Ne4 cxd4 13. cxd4 Nb4 14. Bd2 Nxd3 15. Qxd3 f5 16. Neg5 Bd5 17. Rac1 Qb7 {½-½ (33) Kemeny,C (2108)-Bodrogi,L (2022) Hungary 2013}) 12. Bxh7+ $2 {[%mdl 8192]} (12. b3 $14 {keeps the upper hand.}) 12... Kxh7 $19 13. Ng5+ Kg6 $4 {[%mdl 8192] [#]} (13... Bxg5 $19 14. fxg5 Kg8) 14. Qg4 $2 (14. Qd3+ {mates} f5 15. exf6+ Kxf6 16. Qh3 Kg6 17. Qh7+ Kf6 18. Re1 Ne5 19. fxe5+ dxe5 20. Rf1+ Kxg5 {[#]} 21. Ne4+ $1 {[%mdl 576] Discovered Attack (Double check)} Kg4 22. Qh3#) 14... f5 $2 {[%mdl 8192]} (14... Bxg5 $15 15. Nf3 Bxf3 16. Rxf3 f5 17. Qxg5+ Kf7 18. Qh5+ (18. Rg3 $2 Rh8 $17) 18... Kg8) 15. exf6 $1 $18 Ndxf6 16. Qg3 $2 (16. f5+ Kh6 17. Qh3+ Nh5 18. g4 {[%mdl 64] Pin}) 16... Nh5 17. Qg4 $2 (17. Qd3+ Rf5 18. g4 {[%mdl 64] Double Attack, Pin}) 17... Nhf6 $1 {[%cal Rf6g4]} 18. Qg3 $2 (18. f5+ Kh6 19. Qh3+ Nh5 20. g4 {[%mdl 64] Pin}) 18... Nh5 $1 {[%cal Rh5g3]} 19. Qg4 $2 (19. Qd3+ Rf5 20. g4 {[%mdl 64] Double Attack, Pin}) 19... Nhf6 $1 {[%mdl 32768] Accuracy: White = 32%, Black = 66%. . An unexpected result.} 1/2-1/2

[Event "Stay Safe Play From Home 349"]
[Site "Emanuel Lasker Arena"]
[Date "2020.08.02"]
[Round "9"]
[White "TheCHESSHOUSE"]
[Black "SelamiSahin"]
[Result "0-1"]
[WhiteElo "2028"]
[BlackElo "2152"]
[Annotator "TA"]
[PlyCount "80"]
[EventDate "2020.08.02"]
[EventType "swiss (blitz)"]

{[%evp 21,79,0,15,0,13,15,24,18,38,27,31,7,53,49,51,40,35,39,43,43,49,30,35,0,0,-48,261,250,344,304,582,163,433,431,654,634,614,408,402,200,219,0,0,-47,0,0,674,-558,-550,-29979,-29976,-29990,-29991,-29991,-29991,-29993,-29991,-29998,-29999,-29999]} 1. d4 c6 2. c4 d5 3. cxd5 cxd5 4. Nc3 Nc6 5. Bf4 Nf6 6. Rc1 Bf5 7. Nf3 e6 8. e3 Bd6 9. Bxd6 Qxd6 10. Be2 O-O 11. O-O a6 12. h3 {D13: Slav Defence: Exchange variation without ...Bf5.} h6 {[#]} 13. Na4 $146 ({Predecessor:} 13. a3 b5 14. b4 Rfc8 15. Nd2 Nd7 16. Nb3 Nb6 17. Nc5 Ra7 18. Nxa6 Rxa6 19. Nxb5 {1-0 (45) Mihajlov,S (1950)-Valente,H (1868) Fagernes 2011}) 13... Rac8 14. Nc5 {White has an edge.} Qb8 15. a3 Rfd8 16. b4 Qa7 17. Qa4 Nd7 18. Rfd1 Nxc5 19. Rxc5 Ne7 20. Rdc1 Rxc5 21. Rxc5 Nc6 22. Bxa6 {And now Bb5 would win.} Ra8 {aiming for ...Qb6.} 23. b5 bxa6 $2 {[%mdl 8192]} (23... Nd8 $1 $15 {stays ahead.} 24. Rc7 Qb6 {[%mdl 64] Pin}) 24. bxc6 $18 Rc8 25. Ne5 Qb6 $2 {[#]} (25... f6 {was worth a try.}) 26. Qa5 $2 (26. c7 $1 {[%mdl 512] Black must now prevent Qd7.} Rxc7 27. Qe8+ Kh7 28. Nxf7 Rxf7 29. Qxf7) 26... Qb1+ $2 (26... Qxa5 27. Rxa5 f6) 27. Kh2 Qb2 (27... Qf1 $142 28. c7 g5) 28. f3 Qe2 29. Qc3 h5 30. c7 (30. Qb3 $142 h4 31. Rc1) 30... h4 31. Qc1 $2 (31. Qb4 $18 Kh7 32. e4 (32. Nxf7 Qxe3 33. Qc3 Qf4+ 34. Kg1 Bxh3 $16) 32... dxe4 33. Nxf7) 31... Qf2 $1 $11 32. Nc6 {Strongly threatening Ne7+.} Qg3+ 33. Kh1 $1 Kf8 $2 {[%mdl 8192]} (33... Rxc7 $11 34. Qf1 g5) 34. Ne7 $4 {[%mdl 8192]} (34. Na7 $18 {is the narrow road to win.} Bxh3 35. gxh3 Qxh3+ 36. Kg1 Qg3+ 37. Kf1 Rxc7 38. Rxc7 Qxf3+ 39. Ke1) 34... Kxe7 $19 35. Rc2 Bxc2 {Black mates.} 36. Qb2 Rxc7 37. Qb4+ Kf6 38. Qb6 {[#]} Be4 $1 {[%cal Rc7c1]} 39. Qxe6+ (39. fxe4 Rc1#) 39... fxe6 {[%cal Rc7c1]} 40. fxe4 Rc1# {Accuracy: White = 46%, Black = 48%.} 0-1

[Event "Stay Safe Play From Home 349"]
[Site "Emanuel Lasker Arena"]
[Date "2020.08.02"]
[Round "9"]
[White "Edmatuag"]
[Black "Haris kollari 13"]
[Result "0-1"]
[WhiteElo "1695"]
[BlackElo "1688"]
[Annotator "NA"]
[PlyCount "70"]
[EventDate "2020.08.02"]
[EventType "swiss (blitz)"]

1. e4 {[%emt 0:00:02]} d5 {[%emt 0:00:01]} 2. exd5 {[%emt 0:00:02]} Qxd5 {[%emt 0:00:01]} 3. Nc3 {[%emt 0:00:01]} Qe5+ {[%emt 0:00:01]} 4. Qe2 {[%emt 0:00:03]} Nc6 {[%emt 0:00:03]} 5. Nf3 {[%emt 0:00:02]} Qxe2+ {[%emt 0:00:02]} 6. Bxe2 {[%emt 0:00:00]} Nf6 {[%emt 0:00:00]} 7. O-O {[%emt 0:00:01]} Bg4 {[%emt 0:00:01]} 8. a3 {[%emt 0:00:02]} e6 {[%emt 0:00:01]} 9. d3 {[%emt 0:00:01]} Bd6 {[%emt 0:00:01]} 10. Be3 {[%emt 0:00:01]} O-O {[%emt 0:00:02]} 11. Ne4 {[%emt 0:00:01]} Nxe4 {[%emt 0:00:02]} 12. dxe4 {[%emt 0:00:01]} Rfd8 {[%emt 0:00:01]} 13. Nd4 {[%emt 0:00:02]} Nxd4 {[%emt 0:00:03]} 14. Bxg4 {[%emt 0:00:05]} Nxc2 {[%emt 0:00:01]} 15. Bd2 {[%emt 0:00:09]} Nxa1 {[%emt 0:00:03]} 16. Rxa1 {[%emt 0:00:02]} Bxh2+ {[%emt 0:00:01]} 17. Kxh2 {[%emt 0:00:03]} Rxd2 {[%emt 0:00:01]} 18. b4 {[%emt 0:00:01]} Rxf2 {[%emt 0:00:02]} 19. Rc1 {[%emt 0:00:01]} c6 {[%emt 0:00:01]} 20. e5 {[%emt 0:00:02]} Ra2 {[%emt 0:00:02]} 21. Rc3 {[%emt 0:00:02]} Rd8 {[%emt 0:00:01]} 22. Kg3 {[%emt 0:00:02]} g6 {[%emt 0:00:01]} 23. Bf3 {[%emt 0:00:01]} Rdd2 {[%emt 0:00:01]} 24. b5 {[%emt 0:00:01]} cxb5 {[%emt 0:00:02]} 25. Rc7 {[%emt 0:00:01]} Rxa3 {[%emt 0:00:02]} 26. Rxb7 {[%emt 0:00:02]} a6 {[%emt 0:00:01]} 27. Rb6 {[%emt 0:00:01]} Kg7 {[%emt 0:00:01]} 28. Rb7 {[%emt 0:00:00]} Rb2 {[%emt 0:00:02]} 29. Rb6 {[%emt 0:00:00]} b4 {[%emt 0:00:01]} 30. Rb7 {[%emt 0:00:00]} a5 {[%emt 0:00:00]} 31. Kf4 {[%emt 0:00:03]} b3 {[%emt 0:00:00]} 32. Bc6 {[%emt 0:00:01]} a4 {[%emt 0:00:01]} 33. Be8 {[%emt 0:00:01]} Rba2 {[%emt 0:00:01]} 34. Rxf7+ {[%emt 0:00:02]} Kh6 {[%emt 0:00:00]} 35. Rf6 {[%emt 0:00:01]} Rf2+ {[%emt 0:00:01] Time (Lag: Av=0.54s, max=1.1s)} 0-1

[Event "Stay Safe Play From Home 349"]
[Site "Emanuel Lasker Arena"]
[Date "2020.08.02"]
[Round "9"]
[White "Trotsky"]
[Black "AChessPlayer"]
[Result "0-1"]
[WhiteElo "1640"]
[BlackElo "2400"]
[Annotator "TA"]
[PlyCount "74"]
[EventDate "2020.08.02"]
[EventType "swiss (blitz)"]

{[%evp 9,74,0,17,-33,15,-2,0,0,0,0,17,-42,18,-218,-217,-227,-221,-232,-210,-314,-240,-435,-358,-440,-282,-287,-202,-154,-25,-61,-21,-210,-215,-214,320,-109,203,-295,-290,-272,-280,-407,-254,-367,-137,-189,-142,-145,0,0,0,-933,-904,-1181,-1098,-5335,-5243,-2745,-2753,-2136,-1045,-2592,29999,-2279,-1957,-1685,-1301]} 1. d4 Nf6 2. e3 g6 3. c4 Bg7 4. Nc3 O-O 5. Bd3 d6 6. Qc2 {E61: King's Indian: Early deviations for White, including Smyslov System.} Nc6 7. a3 e5 8. d5 {The position is equal.} Ne7 9. Nf3 {[#]} Nf5 $146 ({Predecessor:} 9... Nh5 10. h3 f5 11. Nh2 Nf6 12. Bd2 c6 13. O-O-O cxd5 14. cxd5 Bd7 15. Kb1 Rc8 {0-1 (48) Bende,E-Lantos,L Hungary 1996}) 10. Ng5 {[#]} (10. O-O $11) 10... h6 (10... Nxd5 $1 $15 {[%mdl 512]} 11. Nxd5 c6) 11. h4 $2 (11. Nf3 $11 {and White stays safe.}) 11... hxg5 $19 12. hxg5 Nh7 $1 13. g4 Ne7 ({But not} 13... Qxg5 14. gxf5 Qg2 15. Be4 $17) 14. Bd2 (14. Be2 $142) 14... Nxg5 15. O-O-O $2 (15. Be2) 15... Nf3 16. Ne4 f5 17. gxf5 gxf5 18. Ng3 e4 (18... Rf7 $17 19. Bc3 e4) 19. Be2 $11 Nxd2 20. Qxd2 $2 (20. Rdg1 $1 $11 {and White is okay.} Rf7 21. Nh5) 20... Ng6 $1 $19 21. Rdg1 Kf7 $4 {[%mdl 8192]} (21... Ne5 $1 $19 {and all is fine. ...Rf7 is the strong threat.} 22. Nh5 Rf7) 22. Nh5 $2 ({Only move:} 22. Bh5 $1 $18 {[%cal Rh5g6]} Rh8 23. Bxg6+ Kf8 24. Rxh8+ Bxh8 25. Nxf5) 22... Be5 $2 {[%mdl 8192] [#]} (22... Bh6 $17 23. Ng3 Rh8) 23. f4 $4 {[%mdl 8192]} (23. Nf4 $1 $18 {[%cal Rf4g6]} Bxf4 24. exf4) 23... exf3 $1 24. Bxf3 {Black must now prevent Nf4.} Rh8 25. Qg2 (25. Qf2 {was the only chance.}) 25... Qg8 26. e4 (26. Kb1 {might work better.}) 26... f4 $2 (26... Bd4 $19 {has better winning chances.} 27. Qg5 Ne7) 27. Bg4 (27. Kb1 $17 {is a better defense.}) 27... Bxg4 28. Qxg4 Re8 ({Black should try} 28... Ke7 $17 {Hoping for ...Rf8.} 29. Qg5+ Ke8) 29. Qf5+ Ke7 {aiming for ...Rf8.} 30. Nf6 $2 {[%mdl 8192]} (30. Rxg6 $11 Qf7 31. Re6+ Kf8 32. Rxe8+ Kxe8 33. Qc8+ Ke7 34. Qxc7+ Kf8 35. Qc8+ Qe8 36. Qf5+ Qf7 37. b4) 30... Bxf6 31. e5 Bxe5 32. Rxg6 Rxh1+ 33. Kc2 Qxg6 34. Qxg6 Kd8 35. Kb3 Kc8 $4 {[%mdl 8192]} (35... Rf8 $19 36. Qg2 {[#]} Rb1 $1 {[%mdl 512]} 37. Qg5+ Kc8) 36. Qf5+ $4 {[%mdl 8192]} (36. Qxe8# {was the only winning move.}) 36... Kb8 37. Ka4 Rc8 {What a bad dream for White. Accuracy: White = 26%, Black = 30%.} 0-1